000 00439nam a2200157Ia 4500
999 _c18726
_d18726
003 OSt
005 20220826145846.0
008 190216s9999||||xx |||||||||||||| ||und||
040 _coclc
082 _a954.83
_bLOG/M
100 1 _aLogan, William,
_d1841-1914
_92672
245 0 _aMalabar Manual /
_cWilliam Logan
260 _bCentral Book Depot,
300 _a758p
942 _cBK
_2ddc
_h954.83
_iLOG/M
_k954.83
_mLOG/M